00941cam a2200229 a 450000100100000000500170001000800410002702000150006804000260008308200210010910000380013024500920016826000730026030000280033350400550036165100580041665000550047491000340052904900090056395201240057299900150069600000679820200929154008.0940809s1990 sp a b 001 0 spa d a8478200495 aDO-SdBNPcMHdIUdDLC a320.94655bB517d1 aBernal Macaya, Ana Isabel.91888514aLos Diputados aragoneses durante el Trienio Constitucional /cAna Isabel Bernal Macaya. aZaragoza, (España) :bInstitución Fernando el Católico,c1990. a177 p. :bil. ;c21 cm. aIncluye referencias bibliográficas (p. 169-174). 4aAragon (España{Rpara}xPolítica Y Gobierno918886 4aDiputadoszAragon (España{Rpara}xDebates918887 aCatalogación por copia / LC aBNGR 001052708MOaGRbGRcCTd2009-09-02iLF1l0o320.94655 B517dp6798-10r2020-06-25w2020-06-25y2ZPréstamo interno c6586d6586